000 00744nam0a22002411 4500
001 rc\957392
005 20041129100347.9
035 _a(NLR Aleph) 006127999
090 _a5531123
_c5531123
100 _a20041129d1982 u |0rusy50 ca
101 0 _arus
102 _aRU
105 _aa |||||||||
200 1 _aСправочник по эксплуатации и ремонту консольных автокранов
210 _aКиев
_cТехнiка
_d1982
215 _a183 с.
_cил.
_d22
320 _aБиблиогр.: с. 181 (9 назв.)
700 1 _aРось
_bЯ. В.
_gЯрослав Васильевич
801 0 _aRU
_bNLR
_gpsbo
801 1 _aRU
_bELAR
_2rusmarc
852 _aNLR
_j82-5/4233
942 _cBOOK
980 _aNB